<?xml version="1.0" encoding="UTF-8"?>
<record
    xmlns:xsi="http://www.w3.org/2001/XMLSchema-instance"
    xsi:schemaLocation="http://www.loc.gov/MARC21/slim http://www.loc.gov/standards/marcxml/schema/MARC21slim.xsd"
    xmlns="http://www.loc.gov/MARC21/slim">

  <leader>02482nam a22005537a 4500</leader>
  <controlfield tag="003">CHAP</controlfield>
  <controlfield tag="005">20220817040814.0</controlfield>
  <controlfield tag="008">971013s1988            r     00010     d</controlfield>
  <datafield tag="010" ind1=" " ind2=" ">
    <subfield code="a">610</subfield>
  </datafield>
  <datafield tag="011" ind1=" " ind2=" ">
    <subfield code="a">1582</subfield>
  </datafield>
  <datafield tag="035" ind1=" " ind2=" ">
    <subfield code="a">758</subfield>
  </datafield>
  <datafield tag="040" ind1=" " ind2=" ">
    <subfield code="c">CHAP</subfield>
  </datafield>
  <datafield tag="082" ind1=" " ind2=" ">
    <subfield code="a">631.5</subfield>
    <subfield code="b">L6</subfield>
  </datafield>
  <datafield tag="100" ind1="0" ind2="0">
    <subfield code="a">L&#xF3;pez R&#xED;os, Georgina Florencia.</subfield>
    <subfield code="9">68299</subfield>
  </datafield>
  <datafield tag="245" ind1=" " ind2=" ">
    <subfield code="a">Sistema agr&#xED;cola de chinampas</subfield>
    <subfield code="b">: perspectivas agroecol&#xF3;gicas</subfield>
  </datafield>
  <datafield tag="260" ind1=" " ind2=" ">
    <subfield code="a">Chapingo, M&#xE9;x. :</subfield>
    <subfield code="b">UACH. Direcci&#xF3;n de Difusi&#xF3;n Cultural,</subfield>
    <subfield code="c">1988</subfield>
  </datafield>
  <datafield tag="300" ind1=" " ind2=" ">
    <subfield code="a">111 p.</subfield>
    <subfield code="b">: ilus.</subfield>
  </datafield>
  <datafield tag="500" ind1=" " ind2=" ">
    <subfield code="a">37-84</subfield>
  </datafield>
  <datafield tag="590" ind1=" " ind2=" ">
    <subfield code="a">BATCH-UPD</subfield>
    <subfield code="b">10</subfield>
    <subfield code="c">20130110</subfield>
    <subfield code="l">UCH01</subfield>
    <subfield code="h">1811</subfield>
  </datafield>
  <datafield tag="590" ind1=" " ind2=" ">
    <subfield code="a">BATCH-UPD</subfield>
    <subfield code="b">10</subfield>
    <subfield code="c">20130410</subfield>
    <subfield code="l">UCH01</subfield>
    <subfield code="h">1146</subfield>
  </datafield>
  <datafield tag="590" ind1=" " ind2=" ">
    <subfield code="a">BATCH-UPD</subfield>
    <subfield code="b">10</subfield>
    <subfield code="c">20130914</subfield>
    <subfield code="l">UCH01</subfield>
    <subfield code="h">0926</subfield>
  </datafield>
  <datafield tag="590" ind1=" " ind2=" ">
    <subfield code="a">CONVERSION</subfield>
    <subfield code="b">10</subfield>
    <subfield code="c">20130109</subfield>
    <subfield code="l">UCH01</subfield>
    <subfield code="h">1302</subfield>
  </datafield>
  <datafield tag="650" ind1="1" ind2="4">
    <subfield code="a">Chinampas.</subfield>
    <subfield code="9">22577</subfield>
  </datafield>
  <datafield tag="650" ind1="1" ind2="4">
    <subfield code="a">Sistemas de cultivo.</subfield>
    <subfield code="9">106746</subfield>
  </datafield>
  <datafield tag="710" ind1="0" ind2=" ">
    <subfield code="a">UACH. Direcci&#xF3;n de Difusi&#xF3;n Cultural.</subfield>
  </datafield>
  <datafield tag="901" ind1=" " ind2=" ">
    <subfield code="a">BK</subfield>
  </datafield>
  <datafield tag="942" ind1=" " ind2=" ">
    <subfield code="c">LIBRO</subfield>
  </datafield>
  <datafield tag="949" ind1=" " ind2=" ">
    <subfield code="a">631.5 L6</subfield>
    <subfield code="b">BC</subfield>
    <subfield code="c">LIBRO</subfield>
    <subfield code="d">33724000051082</subfield>
    <subfield code="e">LIBRO</subfield>
    <subfield code="f">c.7</subfield>
    <subfield code="h">78126</subfield>
    <subfield code="i">758</subfield>
    <subfield code="s">i</subfield>
    <subfield code="t">15.00</subfield>
  </datafield>
  <datafield tag="949" ind1=" " ind2=" ">
    <subfield code="a">631.5 L6</subfield>
    <subfield code="b">BC</subfield>
    <subfield code="c">LIBRO</subfield>
    <subfield code="d">33724000081014</subfield>
    <subfield code="e">LIBRO</subfield>
    <subfield code="f">c.3</subfield>
    <subfield code="h">77445</subfield>
    <subfield code="i">758</subfield>
    <subfield code="s">i</subfield>
    <subfield code="t">15.00</subfield>
  </datafield>
  <datafield tag="949" ind1=" " ind2=" ">
    <subfield code="a">631.5 L6</subfield>
    <subfield code="b">BC</subfield>
    <subfield code="c">LIBRO</subfield>
    <subfield code="d">33724000081022</subfield>
    <subfield code="e">LIBRO</subfield>
    <subfield code="f">c.6</subfield>
    <subfield code="h">78125</subfield>
    <subfield code="i">758</subfield>
    <subfield code="s">i</subfield>
    <subfield code="t">15.00</subfield>
  </datafield>
  <datafield tag="949" ind1=" " ind2=" ">
    <subfield code="a">631.5 L6</subfield>
    <subfield code="b">BC</subfield>
    <subfield code="c">LIBRO</subfield>
    <subfield code="d">33724000081030</subfield>
    <subfield code="e">LIBRO</subfield>
    <subfield code="f">c.5</subfield>
    <subfield code="h">77447</subfield>
    <subfield code="i">758</subfield>
    <subfield code="s">i</subfield>
    <subfield code="t">15.00</subfield>
  </datafield>
  <datafield tag="949" ind1=" " ind2=" ">
    <subfield code="a">631.5 L6</subfield>
    <subfield code="b">BC</subfield>
    <subfield code="c">LIBRO</subfield>
    <subfield code="d">33724000081048</subfield>
    <subfield code="e">LIBRO</subfield>
    <subfield code="f">c.4</subfield>
    <subfield code="h">77446</subfield>
    <subfield code="i">758</subfield>
    <subfield code="s">i</subfield>
    <subfield code="t">15.00</subfield>
  </datafield>
  <datafield tag="949" ind1=" " ind2=" ">
    <subfield code="a">631.5 L6</subfield>
    <subfield code="b">BC</subfield>
    <subfield code="c">LIBRO</subfield>
    <subfield code="d">33724000081055</subfield>
    <subfield code="e">LIBRO</subfield>
    <subfield code="f">c.2</subfield>
    <subfield code="h">77444</subfield>
    <subfield code="i">758</subfield>
    <subfield code="s">i</subfield>
    <subfield code="t">15.00</subfield>
  </datafield>
  <datafield tag="949" ind1=" " ind2=" ">
    <subfield code="a">631.5 L6</subfield>
    <subfield code="b">BC</subfield>
    <subfield code="c">UACH</subfield>
    <subfield code="d">-10217</subfield>
    <subfield code="e">UACH</subfield>
    <subfield code="g">I. c/e</subfield>
    <subfield code="h">77443</subfield>
    <subfield code="i">758</subfield>
    <subfield code="s">i</subfield>
    <subfield code="t">15.00</subfield>
  </datafield>
  <datafield tag="949" ind1=" " ind2=" ">
    <subfield code="a">631.5 L6</subfield>
    <subfield code="b">PA</subfield>
    <subfield code="c">LIBRO</subfield>
    <subfield code="d">-1108</subfield>
    <subfield code="e">LIBRO</subfield>
    <subfield code="h">1780</subfield>
    <subfield code="i">758</subfield>
    <subfield code="s">i</subfield>
  </datafield>
  <datafield tag="949" ind1=" " ind2=" ">
    <subfield code="a">631.5 L6</subfield>
    <subfield code="b">PA</subfield>
    <subfield code="c">LIBRO</subfield>
    <subfield code="d">-48544</subfield>
    <subfield code="e">LIBRO</subfield>
    <subfield code="f">c.2</subfield>
    <subfield code="h">1781</subfield>
    <subfield code="i">758</subfield>
    <subfield code="s">i</subfield>
  </datafield>
  <datafield tag="949" ind1=" " ind2=" ">
    <subfield code="a">631.5 L6</subfield>
    <subfield code="b">PA</subfield>
    <subfield code="c">LIBRO</subfield>
    <subfield code="d">-48545</subfield>
    <subfield code="e">LIBRO</subfield>
    <subfield code="f">c.3</subfield>
    <subfield code="h">1782</subfield>
    <subfield code="i">758</subfield>
    <subfield code="s">i</subfield>
  </datafield>
  <datafield tag="949" ind1=" " ind2=" ">
    <subfield code="a">631.5 L6</subfield>
    <subfield code="b">PA</subfield>
    <subfield code="c">LIBRO</subfield>
    <subfield code="d">-48546</subfield>
    <subfield code="e">LIBRO</subfield>
    <subfield code="f">c.4</subfield>
    <subfield code="h">1783</subfield>
    <subfield code="i">758</subfield>
    <subfield code="s">i</subfield>
  </datafield>
  <datafield tag="949" ind1=" " ind2=" ">
    <subfield code="a">631.5 L6</subfield>
    <subfield code="b">PA</subfield>
    <subfield code="c">LIBRO</subfield>
    <subfield code="d">-48547</subfield>
    <subfield code="e">LIBRO</subfield>
    <subfield code="f">c.5</subfield>
    <subfield code="h">1784</subfield>
    <subfield code="i">758</subfield>
    <subfield code="s">i</subfield>
  </datafield>
  <datafield tag="949" ind1=" " ind2=" ">
    <subfield code="a">631.5 L6</subfield>
    <subfield code="b">PA</subfield>
    <subfield code="c">LIBRO</subfield>
    <subfield code="d">-48549</subfield>
    <subfield code="e">LIBRO</subfield>
    <subfield code="f">c.6</subfield>
    <subfield code="h">1785</subfield>
    <subfield code="i">758</subfield>
    <subfield code="s">i</subfield>
  </datafield>
  <datafield tag="949" ind1=" " ind2=" ">
    <subfield code="a">631.5 L6</subfield>
    <subfield code="b">PA</subfield>
    <subfield code="c">LIBRO</subfield>
    <subfield code="d">-48550</subfield>
    <subfield code="e">LIBRO</subfield>
    <subfield code="f">c.7</subfield>
    <subfield code="h">1786</subfield>
    <subfield code="i">758</subfield>
    <subfield code="s">i</subfield>
  </datafield>
  <datafield tag="949" ind1=" " ind2=" ">
    <subfield code="a">631.5 L6</subfield>
    <subfield code="b">PA</subfield>
    <subfield code="c">LIBRO</subfield>
    <subfield code="d">-48551</subfield>
    <subfield code="e">LIBRO</subfield>
    <subfield code="f">c.8</subfield>
    <subfield code="h">1787</subfield>
    <subfield code="i">758</subfield>
    <subfield code="s">i</subfield>
  </datafield>
  <datafield tag="949" ind1=" " ind2=" ">
    <subfield code="a">631.5 L6</subfield>
    <subfield code="b">PA</subfield>
    <subfield code="c">LIBRO</subfield>
    <subfield code="d">-48553</subfield>
    <subfield code="e">LIBRO</subfield>
    <subfield code="f">c.10</subfield>
    <subfield code="h">1789</subfield>
    <subfield code="i">758</subfield>
    <subfield code="s">i</subfield>
  </datafield>
  <datafield tag="949" ind1=" " ind2=" ">
    <subfield code="a">631.5 L6</subfield>
    <subfield code="b">PA</subfield>
    <subfield code="c">LIBRO</subfield>
    <subfield code="d">-48555</subfield>
    <subfield code="e">LIBRO</subfield>
    <subfield code="f">c.11</subfield>
    <subfield code="h">1790</subfield>
    <subfield code="i">758</subfield>
    <subfield code="s">i</subfield>
  </datafield>
  <datafield tag="949" ind1=" " ind2=" ">
    <subfield code="a">631.5 L6</subfield>
    <subfield code="b">PA</subfield>
    <subfield code="c">LIBRO</subfield>
    <subfield code="d">-48556</subfield>
    <subfield code="e">LIBRO</subfield>
    <subfield code="f">c.12</subfield>
    <subfield code="h">1791</subfield>
    <subfield code="i">758</subfield>
    <subfield code="s">i</subfield>
  </datafield>
  <datafield tag="949" ind1=" " ind2=" ">
    <subfield code="a">631.5 L6</subfield>
    <subfield code="b">PA</subfield>
    <subfield code="c">LIBRO</subfield>
    <subfield code="d">-48567</subfield>
    <subfield code="e">LIBRO</subfield>
    <subfield code="f">c.9</subfield>
    <subfield code="h">1788</subfield>
    <subfield code="i">758</subfield>
    <subfield code="s">i</subfield>
  </datafield>
  <datafield tag="949" ind1=" " ind2=" ">
    <subfield code="a">631.5 L6</subfield>
    <subfield code="b">S</subfield>
    <subfield code="c">LIBRO</subfield>
    <subfield code="d">-3978</subfield>
    <subfield code="e">LIBRO</subfield>
    <subfield code="h">3614</subfield>
    <subfield code="i">758</subfield>
    <subfield code="s">i</subfield>
  </datafield>
  <datafield tag="949" ind1=" " ind2=" ">
    <subfield code="a">631.5 L6</subfield>
    <subfield code="b">S</subfield>
    <subfield code="c">LIBRO</subfield>
    <subfield code="d">-85468</subfield>
    <subfield code="e">LIBRO</subfield>
    <subfield code="f">c.2</subfield>
    <subfield code="h">3615</subfield>
    <subfield code="i">758</subfield>
    <subfield code="s">i</subfield>
  </datafield>
  <datafield tag="999" ind1=" " ind2=" ">
    <subfield code="c">610</subfield>
    <subfield code="d">610</subfield>
  </datafield>
  <datafield tag="952" ind1=" " ind2=" ">
    <subfield code="0">0</subfield>
    <subfield code="1">0</subfield>
    <subfield code="2">ddc</subfield>
    <subfield code="4">0</subfield>
    <subfield code="5">2</subfield>
    <subfield code="7">0</subfield>
    <subfield code="8">GRAL</subfield>
    <subfield code="a">BC</subfield>
    <subfield code="b">BC</subfield>
    <subfield code="c">PP_GRAL</subfield>
    <subfield code="d">2019-12-31</subfield>
    <subfield code="e">I. c/e</subfield>
    <subfield code="f">LIBRO</subfield>
    <subfield code="l">1</subfield>
    <subfield code="o">631.5 L6</subfield>
    <subfield code="p">33724000051082</subfield>
    <subfield code="r">2025-05-19 15:12:32</subfield>
    <subfield code="s">2025-05-06</subfield>
    <subfield code="t">c.7</subfield>
    <subfield code="w">2019-12-31</subfield>
    <subfield code="y">LIBRO</subfield>
  </datafield>
  <datafield tag="952" ind1=" " ind2=" ">
    <subfield code="0">0</subfield>
    <subfield code="1">0</subfield>
    <subfield code="2">ddc</subfield>
    <subfield code="4">0</subfield>
    <subfield code="5">2</subfield>
    <subfield code="7">0</subfield>
    <subfield code="8">GRAL</subfield>
    <subfield code="a">BC</subfield>
    <subfield code="b">BC</subfield>
    <subfield code="c">PP_GRAL</subfield>
    <subfield code="d">2019-12-31</subfield>
    <subfield code="f">LIBRO</subfield>
    <subfield code="l">0</subfield>
    <subfield code="o">631.5 L6</subfield>
    <subfield code="p">33724000081014</subfield>
    <subfield code="r">2019-12-31 00:00:00</subfield>
    <subfield code="t">c.3</subfield>
    <subfield code="w">2019-12-31</subfield>
    <subfield code="y">LIBRO</subfield>
  </datafield>
  <datafield tag="952" ind1=" " ind2=" ">
    <subfield code="0">0</subfield>
    <subfield code="1">0</subfield>
    <subfield code="2">ddc</subfield>
    <subfield code="4">0</subfield>
    <subfield code="5">2</subfield>
    <subfield code="7">0</subfield>
    <subfield code="8">GRAL</subfield>
    <subfield code="a">BC</subfield>
    <subfield code="b">BC</subfield>
    <subfield code="c">PP_GRAL</subfield>
    <subfield code="d">2019-12-31</subfield>
    <subfield code="f">LIBRO</subfield>
    <subfield code="l">0</subfield>
    <subfield code="o">631.5 L6</subfield>
    <subfield code="p">33724000081030</subfield>
    <subfield code="r">2019-12-31 00:00:00</subfield>
    <subfield code="t">c.5</subfield>
    <subfield code="w">2019-12-31</subfield>
    <subfield code="y">LIBRO</subfield>
  </datafield>
  <datafield tag="952" ind1=" " ind2=" ">
    <subfield code="0">0</subfield>
    <subfield code="1">0</subfield>
    <subfield code="2">ddc</subfield>
    <subfield code="4">0</subfield>
    <subfield code="5">2</subfield>
    <subfield code="7">0</subfield>
    <subfield code="8">GRAL</subfield>
    <subfield code="a">BC</subfield>
    <subfield code="b">BC</subfield>
    <subfield code="c">PP_GRAL</subfield>
    <subfield code="d">2019-12-31</subfield>
    <subfield code="f">LIBRO</subfield>
    <subfield code="l">0</subfield>
    <subfield code="o">631.5 L6</subfield>
    <subfield code="p">33724000081048</subfield>
    <subfield code="r">2019-12-31 00:00:00</subfield>
    <subfield code="t">c.4</subfield>
    <subfield code="w">2019-12-31</subfield>
    <subfield code="y">LIBRO</subfield>
  </datafield>
  <datafield tag="952" ind1=" " ind2=" ">
    <subfield code="0">0</subfield>
    <subfield code="1">0</subfield>
    <subfield code="2">ddc</subfield>
    <subfield code="4">0</subfield>
    <subfield code="5">2</subfield>
    <subfield code="7">0</subfield>
    <subfield code="8">GRAL</subfield>
    <subfield code="a">BC</subfield>
    <subfield code="b">BC</subfield>
    <subfield code="c">PP_GRAL</subfield>
    <subfield code="d">2019-12-31</subfield>
    <subfield code="f">LIBRO</subfield>
    <subfield code="l">0</subfield>
    <subfield code="o">631.5 L6</subfield>
    <subfield code="p">33724000081055</subfield>
    <subfield code="r">2019-12-31 00:00:00</subfield>
    <subfield code="t">c.2</subfield>
    <subfield code="w">2019-12-31</subfield>
    <subfield code="y">LIBRO</subfield>
  </datafield>
  <datafield tag="952" ind1=" " ind2=" ">
    <subfield code="0">0</subfield>
    <subfield code="1">0</subfield>
    <subfield code="2">ddc</subfield>
    <subfield code="4">0</subfield>
    <subfield code="5">2</subfield>
    <subfield code="7">0</subfield>
    <subfield code="8">GRAL</subfield>
    <subfield code="a">BC</subfield>
    <subfield code="b">BC</subfield>
    <subfield code="c">PP_GRAL</subfield>
    <subfield code="d">2019-12-31</subfield>
    <subfield code="f">LIBRO</subfield>
    <subfield code="l">0</subfield>
    <subfield code="o">631.5 L6</subfield>
    <subfield code="p">33724002443124</subfield>
    <subfield code="r">2019-12-31 00:00:00</subfield>
    <subfield code="t">c.6</subfield>
    <subfield code="w">2019-12-31</subfield>
    <subfield code="y">LIBRO</subfield>
  </datafield>
  <datafield tag="952" ind1=" " ind2=" ">
    <subfield code="0">0</subfield>
    <subfield code="1">0</subfield>
    <subfield code="4">0</subfield>
    <subfield code="5">1</subfield>
    <subfield code="7">0</subfield>
    <subfield code="8">UACH</subfield>
    <subfield code="a">BC</subfield>
    <subfield code="b">BC</subfield>
    <subfield code="c">PA_UACH</subfield>
    <subfield code="d">2019-12-31</subfield>
    <subfield code="f">LIBRO</subfield>
    <subfield code="l">0</subfield>
    <subfield code="o">631.5 L6</subfield>
    <subfield code="p">33724002471389</subfield>
    <subfield code="r">2019-12-31 00:00:00</subfield>
    <subfield code="w">2019-12-31</subfield>
    <subfield code="y">LIBRO</subfield>
  </datafield>
</record>
